000 01518cad a22003375a 4500
001 E148808
008 091111s2009 xxk f s000 0 eng d
020 _a9780755977147
035 _a(Sirsi) u148808
041 0 _aeng
050 0 4 _a346.410438 $2 18
100 1 _aSlee, Bill
245 0 0 _aRealising the potential contributions of Scotland's rural land to delivering sustainable economic growth
_h[electronic resource]
260 _aEdinburgh
_bScottish Government Social Research
_c2009
490 0 _aAgriculture, Fisheries and Rural Affairs Research Findings
_v(9) 2009
520 _aPresents the results of research carried out as part of the Scottish Government Rural Land Use Study. The research looked at potential contributions of rural land in Scotland to achieving sustainable economic growth, and also discusses possible conflicts between various uses of rural land, as well as providing an analysis of case studies of integration.
521 _aAdvanced
590 _aKA
651 4 _aScotland
_y1999-
690 _aPROPERTY-RURAL AND NATURAL ASSETS-RURAL AND NATURAL ASSET MANAGEMENT-LAND MANAGEMENT
700 1 _aBergman, Holger
700 1 _aBrown, Iain
700 1 _aHuband, Sally
700 1 _aMcCracken, Davy
700 1 _aRenwick, Alan
700 1 _aSutherland, Lee-Ann
700 1 _aThomson, Steven
700 1 _aReed, Mark
856 4 0 _uhttps://www.scotland.gov.uk/Publications/2009/11/05143048/0
_zView the report free of charge at www.scotland.gov.uk...
942 _n0
999 _c110237
_d110237